00393nam a2200169Ia 4500008004100000020001800041245001900059245002700078260001500105260001600120260000900136300001500145300002500160300001100185500000800196999001900204170705s9999 xx 000 0 und d a9780531272060 aThanksgiving / cby Lisa M. Herrington. aNew York : bScholastic, c2014 a32 pages : bcolor illustration ; c18cm.  a610 c337127d337127